| 000 | 00384nam a2200145 a 4500 | ||
|---|---|---|---|
| 001 | 3281 | ||
| 003 | CDMR | ||
| 005 | 20130723105245.0 | ||
| 008 | 130130s1976||||||||||||||||||||||||||||d | ||
| 040 |
_aCDMR _bcat _cCPC GIRONA |
||
| 100 | 1 |
_aBusquets Molas, Esteve _957 |
|
| 245 | 1 | 0 |
_aQuaranta anys de periodisme barcelonĂ _cBusquets Molas, Esteve |
| 260 |
_c1976 _bPòrtic |
||
| 942 |
_cMON _2udc |
||
| 999 |
_c3281 _d3281 |
||